000 01479nam0a2200289 i 4500
001 RU\NLR\BIBL_A\012135961
005 20240921192905.0
010 _a9785449900999
_9500
035 _a(NLR Aleph) 012135961
090 _a12070982
_c12070982
100 _a20191111d2019 u y0rusy50 ca
101 0 _arus
102 _aRU
_aDE
105 _aa|||j|||000zy
181 0 _ai
_baxxe
182 0 _an
200 1 _aБолезни пищевода: диагностика и лечение
_eучебное пособие
_eспециальности: 31.05.01 "Лечебное дело", 31.08.28 "Гастроэнтерология", 31.08.49 "Терапия", 31.08.54 "Общая врачебная практика (семейная медицина)"
_fЭ. А. Емельянова, А. С. Асекритова, Е. С. Кылбанова
203 _aТекст
_bвизуальный
_cнепосредственный
210 _aМосква
_aБерлин
_cДирект-Медиа
_d2019
215 _a117, [2] с.
_cил., цв. ил., табл.
_d21
320 _aБиблиогр.: с. 115-118 (25 назв.)
700 1 _aЕмельянова
_bЭ. А.
_cканд. мед. наук
_gЭльвира Андреевна
_9128016
_3RU\NLR\AUTH\770128042
701 1 _aАсекритова
_bА. С.
_gАлександра Степановна
701 1 _aКылбанова
_bЕ. С.
_gЕлена Семеновна
942 _cBOOK
980 _aNBR